| 000 | 00901nam a22003137a 4500 | ||
|---|---|---|---|
| 008 | 110822b1962 tu |||gr||||#||||0|tur | | ||
| 040 |
_aTR-BiSEU _btur _cTR-BiSEU _erda |
||
| 001 | 0031561 | ||
| 003 | KOHA_MİRAKIL | ||
| 005 | 20260207002805.0 | ||
| 007 | ta | ||
| 041 | 0 | _atur | |
| 044 | _ctu | ||
| 050 |
_aHX15 _b.C33 1962 |
||
| 100 | 0 | _aCachin. | |
| 245 | 1 |
_aSosyalizmin ışığında bilim ve din/ _cCachin ; Cachin ; çeviren: Yaşar Akyol. |
|
| 264 | 1 |
_aİstanbul : _bSosyal yayınlar _c1962 |
|
| 300 |
_a48 s. ; _c20 cm. |
||
| 336 |
_ametin _btxt _2rdacontent |
||
| 337 |
_aaracısız _bn _2rdamedia |
||
| 338 |
_acilt _bnc _2rdacarrier |
||
| 490 | 1 |
_aSosyal yayınlar ; _v3 |
|
| 650 | 0 |
_aSocialism. _99051 |
|
| 650 | 0 |
_aReligion and science. _910106 |
|
| 650 | 0 |
_aSosyalizm. _911189 |
|
| 650 | 0 |
_aDin ve bilim. _962237 |
|
| 830 | 1 |
_aSosyal yayınlar ; _v3 _962238 |
|
| 942 |
_2lcc _cBK |
||
| 999 |
_c31473 _d31473 |
||